[Event "?"]
[Site "?"]
[Date "????.??.??"]
[Round "?"]
[White "Osmanodja, F."]
[Black "Akesson, R."]
[Result "0-1"]
[WhiteElo "2295"]
[BlackElo "2466"]
[PlyCount "90"]
[EventDate "2014.??.??"]

1. e4 c6 2. d4 d5 3. e5 Bf5 4. Nf3 e6 5. Be2 Nd7 6. O-O Bg6 7. Nbd2 Ne7 8. Nb3
Nc8 9. a4 Be7 10. a5 a6 11. Be3 Qc7 12. Nfd2 O-O 13. c4 dxc4 14. Bxc4 Bb4 15.
h4 h6 16. Qg4 Bf5 17. Qf3 Ne7 18. Ne4 Nd5 19. g4 Bh7 20. g5 hxg5 21. hxg5 Qd8
22. Kh2 Nxe3 23. fxe3 Bxe4 24. Qxe4 Qxg5 25. Rf4 Be7 26. Rh1 Rad8 27. Bd3 f5
28. exf6 Rxf6 29. Rg4 Qf5 30. Qxf5 exf5 31. Bc4+ Kh7 32. Kg2+ Rh6 33. Bd3 g6
34. Rxh6+ Kxh6 35. Rg3 Nf6 36. Kf3 Re8 37. Rh3+ Kg7 38. Rg3 Bd6 39. Rg2 Nd5 40.
Rc2 Rh8 41. Bc4 Rh3+ 42. Kf2 Nf6 43. Be6 Ng4+ 44. Ke1 Kf6 45. Bc8 Rh8 0-1

[Event "?"]
[Site "?"]
[Date "????.??.??"]
[Round "?"]
[White "Gajek, R."]
[Black "Farago, I."]
[Result "1/2-1/2"]
[WhiteElo "2355"]
[BlackElo "2443"]
[PlyCount "67"]
[EventDate "2014.??.??"]

1. d4 Nf6 2. c4 e6 3. Nf3 b6 4. g3 Ba6 5. Qa4 Bb7 6. Bg2 c5 7. dxc5 bxc5 8. O-O
Be7 9. Nc3 O-O 10. Rd1 Qb6 11. Bf4 Rd8 12. Rd2 Nc6 13. Qb5 d6 14. Qxb6 axb6 15.
Rad1 Ne8 16. b3 h6 17. Nb5 Kf8 18. h3 d5 19. cxd5 exd5 20. Rc1 Na7 21. Nc7 Rac8
22. Nxe8 Kxe8 23. Ne5 g5 24. Be3 d4 25. Bxb7 dxe3 26. Rxd8+ Rxd8 27. fxe3 Bd6
28. Ng4 Bxg3 29. Rc2 h5 30. Nf6+ Kf8 31. Nh7+ Ke7 32. Nxg5 Nb5 33. Ne4 Be5 34.
a4 1/2-1/2

[Event "?"]
[Site "?"]
[Date "????.??.??"]
[Round "?"]
[White "Arnaudov, G."]
[Black "Neef, M."]
[Result "1/2-1/2"]
[WhiteElo "2429"]
[BlackElo "2331"]
[PlyCount "160"]
[EventDate "2014.??.??"]

1. d4 Nf6 2. c4 g6 3. Nc3 Bg7 4. e4 d6 5. h3 O-O 6. Nf3 e5 7. d5 a5 8. g4 Na6
9. Be3 c6 10. Be2 Nc5 11. Nd2 a4 12. g5 Nfd7 13. h4 Qa5 14. a3 f5 15. f3 Nb6
16. Qc2 Bd7 17. h5 cxd5 18. cxd5 Rf7 19. O-O-O Rc8 20. hxg6 hxg6 21. Kb1 Rff8
22. Rc1 f4 23. Bf2 Kf7 24. Qd1 Rh8 25. Rxh8 Rxh8 26. Qg1 Bf8 27. Rc2 Be7 28.
Na2 Bb5 29. Bxb5 Qxb5 30. Bxc5 dxc5 31. Qg4 Rh1+ 32. Nc1 Qd7 33. Nc4 Qxg4 34.
Nxe5+ Kg7 35. Nxg4 Rf1 36. Rf2 Rxf2 37. Nxf2 Nc4 38. Ncd3 Nd2+ 39. Kc2 Nxf3 40.
Nxf4 Nd4+ 41. Kc3 Bxg5 42. N4d3 b6 43. e5 Bd8 44. Kc4 Kf7 45. Ne4 g5 46. Nd6+
Ke7 47. Nb7 g4 48. Nd6 g3 49. Nf4 Bc7 50. Nc8+ Kd7 51. d6 Kxc8 52. dxc7 Kxc7
53. Kd5 Kd7 54. Ke4 Kc6 55. Ng2 Kd7 56. Nf4 Ke7 57. Ke3 Kf7 58. Ke4 Nc6 59. Kd5
Ne7+ 60. Kd6 c4 61. e6+ Ke8 62. Ng2 Ng6 63. Ne3 Nh4 64. e7 g2 65. Nxg2 Nxg2 66.
Kc6 Ne3 67. Kxb6 Nd1 68. Kc5 Nxb2 69. Kb4 Kxe7 70. Kc3 Kd6 71. Kxb2 Kd5 72. Kc3
Kc5 73. Kc2 Kd4 74. Kd2 c3+ 75. Kc1 Kd5 76. Kd1 Ke5 77. Kc2 Kd4 78. Kc1 Kd3 79.
Kd1 c2+ 80. Kc1 Kc3 1/2-1/2

[Event "?"]
[Site "?"]
[Date "????.??.??"]
[Round "?"]
[White "Vogel, R."]
[Black "Sundararajan, K."]
[Result "1-0"]
[WhiteElo "2279"]
[BlackElo "2424"]
[PlyCount "163"]
[EventDate "2014.??.??"]

1. Nf3 Nf6 2. c4 Nc6 3. Nc3 e5 4. g3 g6 5. Bg2 Bg7 6. O-O O-O 7. d3 d6 8. Bg5
h6 9. Bxf6 Bxf6 10. Ne1 h5 11. Nd5 Bg7 12. b4 a6 13. Rc1 Nd4 14. e3 Ne6 15. c5
c6 16. Nb6 Rb8 17. f4 dxc5 18. bxc5 exf4 19. gxf4 Qe7 20. d4 Nc7 21. Qf3 Be6
22. a4 Rbd8 23. Nd3 Nd5 24. Nc4 Nf6 25. Nde5 Bd5 26. Qe2 Ne4 27. Qc2 Nxc5 28.
dxc5 Qxc5 29. Qf2 Bxg2 30. Kxg2 b5 31. Nd2 Qb4 32. Ndf3 Qxa4 33. Nxc6 Rd3 34.
Ncd4 b4 35. Ra1 Qe8 36. Rfe1 Qe4 37. Rxa6 Re8 38. Raa1 b3 39. Rab1 b2 40. Kg1
Rxe3 41. Qxe3 Qxe3+ 42. Rxe3 Rxe3 43. Rxb2 Bf6 44. Rb8+ Kg7 45. Kf2 Re4 46. Ne2
Re7 47. Rb5 Re4 48. Ng5 Re7 49. Rd5 Ra7 50. Nf3 Re7 51. Ng3 Re8 52. Rd7 Re7 53.
Rd1 Re8 54. Rc1 Re7 55. Rc4 Rb7 56. Ne4 Be7 57. Kg3 Rb4 58. Rxb4 Bxb4 59. Ne5
f6 60. Nc4 Kf7 61. Kf3 Ke6 62. Ne3 Be7 63. h3 Bd8 64. f5+ Kf7 65. Nd6+ Kg7 66.
Ke4 gxf5+ 67. Kxf5 Bb6 68. Nd5 Ba5 69. Nf4 h4 70. Ng2 Kh6 71. Nxh4 Kh5 72. Nf3
Bb6 73. Ne4 Bc7 74. Nxf6+ Kh6 75. Kg4 Bb6 76. Ne4 Bd8 77. Neg5 Bb6 78. h4 Bf2
79. h5 Be3 80. Nh4 Bxg5 81. Nf5+ Kh7 82. Kxg5 1-0

[Event "?"]
[Site "?"]
[Date "????.??.??"]
[Round "?"]
[White "Grigorian, S."]
[Black "Kravtsiv, M."]
[Result "0-1"]
[WhiteElo "2183"]
[BlackElo "2572"]
[PlyCount "56"]
[EventDate "2014.??.??"]

1. d4 Nf6 2. c4 e6 3. Nc3 Bb4 4. e3 O-O 5. Bd3 d5 6. Nf3 b6 7. O-O Bb7 8. a3
Bd6 9. b4 dxc4 10. Bxc4 a5 11. b5 Nbd7 12. Bb2 Qe7 13. Re1 e5 14. e4 Rae8 15.
Qc2 exd4 16. Nd5 Nxd5 17. exd5 Ne5 18. Nxe5 Bxe5 19. f4 Qc5 20. Rxe5 Rxe5 21.
fxe5 d3+ 22. Qf2 Qxc4 23. d6 cxd6 24. exd6 Qd5 25. Qg3 f6 26. Kh1 d2 27. Rd1
Re8 28. Bc3 Re2 0-1

[Event "?"]
[Site "?"]
[Date "????.??.??"]
[Round "?"]
[White "Viebahn, D."]
[Black "Dann, M."]
[Result "0-1"]
[WhiteElo "2163"]
[BlackElo "2464"]
[PlyCount "102"]
[EventDate "2014.??.??"]

1. e4 c5 2. Nf3 d6 3. d4 Nf6 4. Nc3 cxd4 5. Nxd4 a6 6. Bc4 e6 7. Bb3 b5 8. Bg5
Nbd7 9. Qe2 h6 10. Bxf6 Qxf6 11. Rd1 Bb7 12. O-O b4 13. Na4 Be7 14. c3 Qf4 15.
Rfe1 bxc3 16. Nxc3 Nc5 17. Bc2 O-O 18. g3 Qf6 19. f4 a5 20. h4 g6 21. Nf3 Qg7
22. e5 Rfd8 23. exd6 Rxd6 24. Rxd6 Bxd6 25. Ne5 Rb8 26. b3 Rc8 27. Qd2 Bb8 28.
Nb5 g5 29. Kh2 gxf4 30. gxf4 Qf6 31. Kh3 Kf8 32. Na3 Ke7 33. Qe3 Nd7 34. Nac4
Rg8 35. Re2 Qg7 36. Qf2 Ba7 37. Ne3 Nxe5 38. fxe5 Bxe3 39. Qf6+ Qxf6 40. exf6+
Kxf6 41. Rxe3 Rg2 42. Rc3 Bd5 43. a3 Ke5 44. b4 axb4 45. axb4 Rg1 46. Kh2 Rc1
47. Kg3 f5 48. Kf2 f4 49. Rc5 Kd4 50. Ke2 e5 51. Kd2 Rg1 0-1

[Event "?"]
[Site "?"]
[Date "????.??.??"]
[Round "?"]
[White "Langheinrich, F."]
[Black "Peredy, F."]
[Result "1-0"]
[WhiteElo "2439"]
[BlackElo "2210"]
[PlyCount "65"]
[EventDate "2014.??.??"]

1. d4 Nf6 2. c4 g6 3. Nc3 d5 4. cxd5 Nxd5 5. Bd2 Nb6 6. Nf3 Bg7 7. Qc1 Nc6 8.
Bh6 Bf6 9. e3 Bg4 10. Be2 Rg8 11. h3 Bf5 12. e4 Bc8 13. e5 Bg7 14. O-O Nb4 15.
Bxg7 Rxg7 16. Qh6 Kf8 17. Rfd1 N4d5 18. Ne4 Kg8 19. Rac1 c6 20. Nc5 f6 21. Qd2
a5 22. b3 Rf7 23. a3 Kg7 24. b4 axb4 25. axb4 h5 26. b5 fxe5 27. Ng5 Qd6 28.
Nxf7 Kxf7 29. bxc6 bxc6 30. dxe5 Qxe5 31. Nd3 Qf6 32. Rxc6 Qd4 33. Qg5 1-0

[Event "?"]
[Site "?"]
[Date "????.??.??"]
[Round "?"]
[White "Hocke, S."]
[Black "Gutman, L."]
[Result "1/2-1/2"]
[WhiteElo "2000"]
[BlackElo "2438"]
[PlyCount "69"]
[EventDate "2014.??.??"]

1. e4 c5 2. Nf3 Nc6 3. d4 cxd4 4. Nxd4 Qb6 5. Nb3 Nf6 6. Nc3 e6 7. Be3 Qc7 8.
a3 d6 9. f4 a6 10. Qf3 b5 11. g3 Bb7 12. Bg2 Be7 13. O-O O-O 14. g4 b4 15. axb4
Nxb4 16. g5 Nd7 17. Rac1 Nb6 18. Na5 Nc4 19. Nxb7 Nxe3 20. Qxe3 Qxb7 21. Kh1
Nc6 22. f5 Ne5 23. f6 Bd8 24. Rb1 Rc8 25. Qh3 Rc5 26. fxg7 Kxg7 27. b4 Rc4 28.
Qh6+ Kg8 29. Ne2 Rxc2 30. Ng3 Ng4 31. Qh4 Nf2+ 32. Kg1 Qb6 33. Nh5 Nh3+ 34. Kh1
Nf2+ 35. Kg1 1/2-1/2

[Event "?"]
[Site "?"]
[Date "????.??.??"]
[Round "?"]
[White "Fogarasi, T."]
[Black "Hansch, K."]
[Result "1-0"]
[WhiteElo "2392"]
[BlackElo "2181"]
[PlyCount "65"]
[EventDate "2014.??.??"]

1. e4 c5 2. b3 d6 3. Bb2 Nf6 4. Bb5+ Bd7 5. Bxd7+ Nbxd7 6. d3 e5 7. Ne2 Be7 8.
O-O Rc8 9. f4 c4 10. Ng3 g6 11. dxc4 h5 12. Qf3 Qb6+ 13. Kh1 Rxc4 14. bxc4 Qxb2
15. Qb3 Qxa1 16. Nc3 Qxf1+ 17. Nxf1 Nc5 18. Qb5+ Kf8 19. f5 Kg7 20. Ne3 Rc8 21.
g3 a6 22. Qb1 Rc7 23. Ned5 Nxd5 24. Nxd5 Rd7 25. Qe1 Bd8 26. Qe2 Bf6 27. Kg2
Rd8 28. Qf3 Nd7 29. h4 Rc8 30. g4 Bxh4 31. gxh5 Nf6 32. fxg6 Rxc4 33. Nc3 1-0

[Event "?"]
[Site "?"]
[Date "????.??.??"]
[Round "?"]
[White "Enchev, I."]
[Black "Syperek, S."]
[Result "1-0"]
[WhiteElo "2392"]
[BlackElo "2198"]
[PlyCount "83"]
[EventDate "2014.??.??"]

1. d4 Nf6 2. c4 g6 3. Nc3 Bg7 4. e4 d6 5. f3 O-O 6. Nge2 c5 7. d5 e6 8. Ng3
exd5 9. cxd5 a6 10. a4 Nbd7 11. Be2 Re8 12. Be3 h5 13. Nf1 Ne5 14. Nd2 Bd7 15.
O-O Nh7 16. Kh1 Rb8 17. a5 f5 18. exf5 Bxf5 19. Nde4 Ng4 20. Bf4 Ne5 21. Qd2
Nf7 22. Ng3 Bd7 23. Bd3 h4 24. Nge4 Be5 25. Bxe5 Rxe5 26. f4 Re8 27. Qc2 Bf5
28. Nd2 Nh6 29. Nc4 Nf6 30. Rae1 Qc7 31. Ne4 Nxe4 32. Bxe4 Re7 33. Bxf5 Nxf5
34. Re6 Rxe6 35. dxe6 Qh7 36. Rd1 Nd4 37. Rxd4 cxd4 38. Nxd6 Kf8 39. Qc5 Qe7
40. Qe5 Kg8 41. Nf7 Kh7 42. Qxb8 1-0

[Event "?"]
[Site "?"]
[Date "????.??.??"]
[Round "?"]
[White "Schütze, N."]
[Black "Löwe, L."]
[Result "0-1"]
[WhiteElo "2284"]
[BlackElo "2216"]
[PlyCount "96"]
[EventDate "2014.??.??"]

1. e4 c6 2. d4 d5 3. Nc3 dxe4 4. Nxe4 Bf5 5. Ng3 Bg6 6. h4 h6 7. Nf3 Nd7 8. h5
Bh7 9. Bd3 Bxd3 10. Qxd3 e6 11. Bd2 Ngf6 12. O-O-O Be7 13. Ne4 O-O 14. Kb1 c5
15. Nxf6+ Nxf6 16. g4 Nxg4 17. Qe2 Qb6 18. Rdg1 f5 19. Ne5 Nxe5 20. dxe5 f4 21.
Rg6 Bg5 22. Qg4 Rf5 23. Qxf5 exf5 24. Rxb6 axb6 25. e6 Re8 26. Re1 Bh4 27. Bxf4
Bxf2 28. Re2 Bd4 29. c4 g5 30. hxg6 Kg7 31. Kc2 Kxg6 32. Kd3 Kf6 33. Bxh6 Rxe6
34. Bg5+ Kf7 35. Rxe6 Kxe6 36. b3 Ke5 37. Bd8 f4 38. Bxb6 f3 39. Bc7+ Kf5 40.
Kd2 Ke4 41. Bg3 Be3+ 42. Ke1 Kd3 43. Bc7 Bd4 44. Bb6 Kc3 45. Kf1 Kb4 46. Ba7
Ka3 47. Bb6 Kxa2 48. b4 Kb3 0-1

[Event "?"]
[Site "?"]
[Date "????.??.??"]
[Round "?"]
[White "Turikov, V."]
[Black "Urban, L."]
[Result "1-0"]
[WhiteElo "2256"]
[BlackElo "2064"]
[PlyCount "176"]
[EventDate "2014.??.??"]

1. d4 d5 2. Nc3 Nf6 3. Bg5 e6 4. a3 Be7 5. g3 Nbd7 6. Bg2 O-O 7. e3 b6 8. Nge2
c5 9. O-O Bb7 10. Re1 Rc8 11. h3 Ne4 12. Nxe4 dxe4 13. Bxe7 Qxe7 14. c3 f5 15.
Qa4 Bc6 16. Qc2 b5 17. Red1 c4 18. h4 Nb6 19. Nf4 Nd5 20. Qe2 a5 21. Rac1 a4
22. Rf1 Rf6 23. Rce1 Rh6 24. Nh3 Nf6 25. Ng5 Rg6 26. Rd1 Rd8 27. Rfe1 Nd5 28.
Nh3 Qf7 29. Kh2 Qb7 30. Rh1 Rf6 31. Kg1 Rff8 32. Rf1 Nf6 33. Nf4 Rfe8 34. Bh3
Nd5 35. Kh2 Qc7 36. Rfg1 Rd7 37. Kg2 g6 38. Kf1 Rg7 39. Ke1 Qd6 40. Qd1 h5 41.
Bf1 Nxf4 42. gxf4 Rf8 43. Rg5 Kf7 44. Rhg1 Rfg8 45. Be2 Kf8 46. R1g3 Bd5 47.
Kd2 Qd7 48. Qg1 Qf7 49. Kc1 Bc6 50. Qg2 Bd5 51. Qh2 Ke7 52. f3 Kf8 53. fxe4
Bxe4 54. Bf3 Bd5 55. Qg1 Bxf3 56. Rxf3 Qb7 57. Rfg3 Qe4 58. Qg2 Qxg2 59. Rxg2
Kf7 60. Kd2 Rd8 61. e4 Rgg8 62. Ke3 Kf6 63. d5 exd5 64. e5+ Kf7 65. Kd4 Rb8 66.
R5g3 Rbc8 67. e6+ Kxe6 68. Rxg6+ Rxg6 69. Rxg6+ Kf7 70. Rg5 Kf6 71. Rxh5 Re8
72. Rh6+ Kg7 73. Rb6 Re4+ 74. Kxd5 Rxf4 75. h5 Rh4 76. Rxb5 Rxh5 77. Kxc4 Rh4+
78. Kd3 Kf6 79. c4 Rh3+ 80. Kd4 Rh4+ 81. Kd5 Kg5 82. Rb8 f4 83. Rg8+ Kf5 84. c5
f3 85. c6 Rh7 86. Rf8+ Kg4 87. Kd6 Kg3 88. c7 Rxc7 1-0

[Event "?"]
[Site "?"]
[Date "????.??.??"]
[Round "?"]
[White "Müller, M."]
[Black "Bassetti, D."]
[Result "1-0"]
[WhiteElo "2246"]
[BlackElo "1965"]
[PlyCount "77"]
[EventDate "2014.??.??"]

1. d4 Nf6 2. Nf3 d5 3. Bf4 g6 4. e3 Bg7 5. Bd3 c5 6. c3 cxd4 7. exd4 Nc6 8. h3
O-O 9. O-O a6 10. a4 Bd7 11. Nbd2 Qc8 12. Re1 Bf5 13. Bf1 h6 14. Ne5 g5 15. Bg3
Ne4 16. Nxe4 dxe4 17. Nc4 Qd8 18. Qb3 Ra7 19. Rad1 Na5 20. Qb6 Qxb6 21. Nxb6
Bg6 22. f3 Bh5 23. Rxe4 e6 24. Bd6 Rd8 25. Bc7 Re8 26. d5 Bg6 27. Re3 Bc2 28.
Rde1 Bb3 29. Bd3 Bf8 30. d6 Nc6 31. h4 gxh4 32. Re4 h3 33. g3 e5 34. Rg4+ Kh8
35. c4 a5 36. Bf5 Ra6 37. Nd7 Bg7 38. Nc5 Bxc4 39. Rxc4 1-0

[Event "?"]
[Site "?"]
[Date "????.??.??"]
[Round "?"]
[White "Ivanov, A."]
[Black "Karasik, E."]
[Result "0-1"]
[WhiteElo "1951"]
[BlackElo "2221"]
[PlyCount "64"]
[EventDate "2014.??.??"]

1. e4 c5 2. Nf3 Nc6 3. Bb5 e6 4. O-O Nge7 5. c3 a6 6. Ba4 c4 7. Bc2 d5 8. exd5
Nxd5 9. b3 cxb3 10. axb3 Be7 11. d4 Bf6 12. Qd3 Qc7 13. Ba3 b5 14. Bc5 Bb7 15.
Nbd2 Nf4 16. Qe3 Nd5 17. Qd3 Be7 18. Ne4 Nf6 19. Nxf6+ gxf6 20. b4 Rd8 21. Rfe1
Bxc5 22. bxc5 Ne7 23. Nd2 f5 24. f3 Rg8 25. c4 Ng6 26. g3 Nh4 27. cxb5 Rxg3+
28. Kf1 Rg2 29. Re2 Qxh2 30. Rxg2 Qxg2+ 31. Ke1 Qg1+ 32. Nf1 Nxf3+ 0-1

[Event "?"]
[Site "?"]
[Date "????.??.??"]
[Round "?"]
[White "Rösemann, R."]
[Black "Renger, N."]
[Result "1/2-1/2"]
[WhiteElo "2255"]
[BlackElo "1821"]
[PlyCount "78"]
[EventDate "2014.??.??"]

1. c4 b6 2. Nc3 Bb7 3. e4 e6 4. Nge2 Nf6 5. d3 d6 6. g3 Be7 7. Bg2 O-O 8. O-O
Qc8 9. h3 c5 10. f4 Nc6 11. g4 h6 12. Ng3 Nd4 13. h4 Nd7 14. g5 hxg5 15. hxg5
f5 16. Be3 g6 17. Qd2 a6 18. Rae1 Rf7 19. exf5 Nxf5 20. Nxf5 Rxf5 21. Be4 Kg7
22. Qg2 Bxe4 23. dxe4 Rf7 24. b3 Qh8 25. Bc1 Qh4 26. Bb2 Raf8 27. Nd5+ Kg8 28.
Nxe7+ Rxe7 29. Re3 Rxf4 30. Rh3 Rxf1+ 31. Kxf1 Rf7+ 32. Ke2 Rf2+ 33. Qxf2 Qxh3
34. Bf6 Qg4+ 35. Kd3 Qd1+ 36. Ke3 Nxf6 37. Qxf6 Qe1+ 38. Kd3 Qd1+ 39. Ke3 Qe1+
1/2-1/2

[Event "?"]
[Site "?"]
[Date "????.??.??"]
[Round "?"]
[White "Hart, M."]
[Black "Pirrot, D."]
[Result "0-1"]
[WhiteElo "2155"]
[BlackElo "2389"]
[PlyCount "46"]
[EventDate "2014.??.??"]

1. e4 e6 2. Qe2 Be7 3. g3 d5 4. e5 h5 5. h4 c5 6. d3 Nc6 7. c3 f6 8. exf6 Nxf6
9. Nf3 e5 10. Nxe5 Nxe5 11. Qxe5 O-O 12. Bf4 Ng4 13. Qc7 Qe8 14. Kd2 Bf5 15.
Bg2 Qb5 16. Bxd5+ Kh8 17. Bb3 Qxd3+ 18. Kc1 Nxf2 19. Re1 Bf6 20. Na3 Rfe8 21.
Be5 Rad8 22. Nc4 Bxe5 23. Qf7 Bf4+ 0-1

[Event "?"]
[Site "?"]
[Date "????.??.??"]
[Round "?"]
[White "Baskin, R."]
[Black "Roos, K."]
[Result "1/2-1/2"]
[WhiteElo "2152"]
[BlackElo "2272"]
[PlyCount "140"]
[EventDate "2014.??.??"]

1. e4 g6 2. d4 c6 3. Nc3 d6 4. h3 Nd7 5. Nf3 Bg7 6. Be2 b5 7. a3 Bb7 8. Be3 a6
9. O-O Qc7 10. Qd2 Ngf6 11. Bh6 O-O 12. Rfe1 e5 13. Bxg7 Kxg7 14. Rad1 Rad8 15.
dxe5 Nxe5 16. Nh4 Qb6 17. Qg5 Bc8 18. Bf1 Qc5 19. Qe3 Nh5 20. Nf5+ gxf5 21.
Qg5+ Ng6 22. Qxh5 f4 23. Qxc5 dxc5 24. Rxd8 Rxd8 25. Rd1 Rxd1 26. Nxd1 Ne5 27.
f3 f5 28. Nf2 Kf6 29. Be2 c4 30. Kf1 c5 31. c3 Nf7 32. Bd1 Nd6 33. Bc2 a5 34.
Ke2 b4 35. exf5 Bxf5 36. Bxf5 Kxf5 37. a4 Nc8 38. Ne4 Nb6 39. Nxc5 bxc3 40.
bxc3 Ke5 41. Nb7 Nxa4 42. Kd2 Kd5 43. Nxa5 Nc5 44. Kc2 Ne6 45. Nb7 Ng7 46. Nd8
Nf5 47. Nf7 Ne3+ 48. Kd2 Nxg2 49. Ng5 h6 50. Ne4 Nh4 51. Ke2 Nf5 52. Kf2 Ng7
53. Ke2 Ne6 54. Kd2 Ke5 55. Ke1 Nc7 56. Nd2 Kd5 57. Ne4 Nb5 58. Kd2 Ke5 59. Ke2
Kf5 60. Kf2 Kg6 61. Kg2 Kh5 62. Nf6+ Kg5 63. Ne4+ Kh4 64. Kh2 Na3 65. Nd2 Kg5
66. Ne4+ Kf5 67. Kg2 Ke5 68. Kf2 Nc2 69. Ke2 Ne3 70. Kf2 Kf5 1/2-1/2

[Event "?"]
[Site "?"]
[Date "????.??.??"]
[Round "?"]
[White "Hahn, F."]
[Black "Heck, N."]
[Result "1/2-1/2"]
[WhiteElo "2133"]
[BlackElo "2239"]
[PlyCount "62"]
[EventDate "2014.??.??"]

1. d4 g6 2. c4 Bg7 3. g3 Nf6 4. Bg2 O-O 5. Nc3 d6 6. Nf3 Nc6 7. O-O e5 8. d5
Ne7 9. e4 Nd7 10. Ne1 f5 11. Nd3 Nf6 12. Bg5 h6 13. Bxf6 Bxf6 14. f4 exf4 15.
Nxf4 Kh7 16. Qe2 Be5 17. Rae1 Bd7 18. Kh1 fxe4 19. Bxe4 Bxf4 20. Rxf4 Rxf4 21.
gxf4 Qf8 22. Qd3 Nf5 23. Bxf5 Bxf5 24. Qe3 Qg7 25. Qe7 Rf8 26. Qxg7+ Kxg7 27.
Nb5 Rf7 28. Kg2 Bd3 29. b3 a6 30. Nd4 b6 31. Kg3 a5 1/2-1/2

[Event "?"]
[Site "?"]
[Date "????.??.??"]
[Round "?"]
[White "Koop, T."]
[Black "Juergens, K."]
[Result "1-0"]
[WhiteElo "2194"]
[BlackElo "2131"]
[PlyCount "71"]
[EventDate "2014.??.??"]

1. e4 c5 2. Nf3 Nc6 3. Bb5 d6 4. O-O Bd7 5. Re1 Nf6 6. c3 a6 7. Ba4 b5 8. Bc2
g6 9. d4 cxd4 10. cxd4 Bg7 11. Nc3 Bg4 12. Be3 Nd7 13. Bb3 O-O 14. Bd5 Rc8 15.
Bxc6 Rxc6 16. h3 Bxf3 17. Qxf3 Rc4 18. Red1 e6 19. Rac1 Qa5 20. a3 b4 21. Qe2
Rfc8 22. axb4 Qxb4 23. Ra1 Qb7 24. Ra3 d5 25. exd5 exd5 26. Ra5 Nf6 27. Rda1
R8c6 28. Nxd5 Nxd5 29. Rxd5 Rc8 30. Rc5 R8xc5 31. dxc5 Qb5 32. Rd1 h6 33. Rd8+
Kh7 34. Qf3 Qb3 35. Rd7 f6 36. Rxg7+ 1-0

[Event "?"]
[Site "?"]
[Date "????.??.??"]
[Round "?"]
[White "Büchmann, O."]
[Black "Stigar, P."]
[Result "1/2-1/2"]
[WhiteElo "2117"]
[BlackElo "2228"]
[PlyCount "25"]
[EventDate "2014.??.??"]

1. c4 c5 2. g3 g6 3. Bg2 Bg7 4. e3 e6 5. Nc3 Nc6 6. Nge2 Nge7 7. d4 cxd4 8.
Nxd4 Nxd4 9. exd4 d5 10. cxd5 Nxd5 11. Qb3 O-O 12. O-O Qb6 13. Nxd5 1/2-1/2

[Event "?"]
[Site "?"]
[Date "????.??.??"]
[Round "?"]
[White "Vogel, J."]
[Black "Stock, A."]
[Result "1/2-1/2"]
[WhiteElo "2224"]
[BlackElo "2085"]
[PlyCount "55"]
[EventDate "2014.??.??"]

1. d4 Nf6 2. Bg5 Ne4 3. Bf4 g5 4. Be5 Rg8 5. Qd3 d6 6. Qxe4 dxe5 7. dxe5 Rg6 8.
Nc3 c6 9. h4 Qb6 10. O-O-O Qxf2 11. h5 Re6 12. Nf3 Nd7 13. e3 f5 14. Qd4 Bg7
15. Rd2 Qg3 16. Ne2 Qg4 17. Qxg4 fxg4 18. Ned4 Rh6 19. Nf5 gxf3 20. Nxg7+ Kf8
21. e6 Nb6 22. Nf5 Rxe6 23. Rd8+ Kf7 24. Rh8 Re5 25. Nd4 Kg7 26. Rd8 fxg2 27.
h6+ Kf7 28. Bxg2 1/2-1/2

[Event "?"]
[Site "?"]
[Date "????.??.??"]
[Round "?"]
[White "Schulz, P."]
[Black "Barthel, A."]
[Result "1/2-1/2"]
[WhiteElo "2098"]
[BlackElo "2216"]
[PlyCount "97"]
[EventDate "2014.??.??"]

1. e4 Nf6 2. e5 Nd5 3. c4 Nb6 4. d4 d6 5. exd6 cxd6 6. Nc3 g6 7. Be3 Bg7 8. b3
O-O 9. h3 Nc6 10. Nf3 Bf5 11. Rc1 d5 12. c5 Nc8 13. Bb5 Be4 14. Bxc6 Bxf3 15.
Qxf3 bxc6 16. Qg3 e6 17. O-O Ne7 18. f4 Nf5 19. Qf2 Qa5 20. g4 Nxe3 21. Qxe3
Rab8 22. Rcd1 Rfe8 23. Rd3 Rb7 24. Qd2 f6 25. Re1 Qd8 26. Qf2 e5 27. f5 exd4
28. Rxe8+ Qxe8 29. Rxd4 Re7 30. Rd3 Bh6 31. Kg2 Be3 32. Qf3 g5 33. b4 Bf4 34.
b5 d4 35. Rxd4 Re3 36. Re4 Rxe4 37. Qxe4 Qd8 38. Qc4+ Kg7 39. Ne4 cxb5 40. Qxb5
Qd5 41. Qe2 Bc7 42. Kf1 Qe5 43. Qc2 h5 44. Nf2 hxg4 45. hxg4 Qd4 46. Ne4 Qe3
47. Nf2 Qd4 48. Ne4 Qe3 49. Nf2 1/2-1/2

[Event "?"]
[Site "?"]
[Date "????.??.??"]
[Round "?"]
[White "Namyslo, H."]
[Black "Mokal, A."]
[Result "1-0"]
[WhiteElo "2211"]
[BlackElo "2056"]
[PlyCount "119"]
[EventDate "2014.??.??"]

1. e4 c5 2. Nf3 e6 3. d4 cxd4 4. Nxd4 a6 5. Nc3 Qc7 6. g3 Nf6 7. Bg2 d6 8. O-O
Nbd7 9. Re1 Be7 10. f4 h5 11. h3 Nb6 12. Qd3 Qc4 13. Be3 Nfd7 14. Rad1 g6 15.
Nf3 Qxd3 16. cxd3 Nc5 17. d4 Nca4 18. Nxa4 Nxa4 19. Bc1 Bd7 20. d5 exd5 21.
exd5 Kd8 22. b3 Nc3 23. Bb2 Bf6 24. Rd3 Rc8 25. Ng5 Be8 26. Ree3 Nxd5 27. Bxf6+
Nxf6 28. Rxd6+ Nd7 29. Red3 Rc7 30. Bd5 Rf8 31. Nh7 Rh8 32. Nf6 Ke7 33. Nxe8
Rxe8 34. Bxf7 Nc5 35. Bxe8 Nxd3 36. Rxd3 Kxe8 37. Rd6 Kf7 38. Rb6 Rc1+ 39. Kf2
Rc2+ 40. Kf3 Rxa2 41. Rxb7+ Kf6 42. g4 Rh2 43. Rb6+ Kg7 44. Kg3 Rc2 45. Kh4
hxg4 46. hxg4 a5 47. Rb7+ Kf6 48. Rb6+ Kg7 49. Rb5 Rb2 50. Kg5 Rb1 51. Rxa5
Rxb3 52. Ra7+ Kf8 53. Kxg6 Rb6+ 54. Kh5 Rb1 55. f5 Rb6 56. g5 Kg8 57. f6 Rb8
58. g6 Rf8 59. Rg7+ Kh8 60. Rh7+ 1-0

[Event "?"]
[Site "?"]
[Date "????.??.??"]
[Round "?"]
[White "Martin, J."]
[Black "Bohn, U."]
[Result "1/2-1/2"]
[WhiteElo "2052"]
[BlackElo "2167"]
[PlyCount "47"]
[EventDate "2014.??.??"]

1. e4 g6 2. d4 Bg7 3. Nc3 d6 4. Be3 a6 5. Qd2 b5 6. h4 h5 7. f3 Nd7 8. O-O-O
Bb7 9. Nh3 Rc8 10. Ng5 c5 11. dxc5 Nxc5 12. Bd4 Nf6 13. Nd5 O-O 14. Kb1 e5 15.
Be3 Nxd5 16. exd5 f6 17. Ne4 Na4 18. g4 Nb6 19. gxh5 gxh5 20. Bh6 Rc7 21. Bxg7
Rxg7 22. Qh6 Nxd5 23. c4 Nf4 24. Bh3 1/2-1/2

[Event "?"]
[Site "?"]
[Date "????.??.??"]
[Round "?"]
[White "Schnoor, E."]
[Black "ter Steeg, M."]
[Result "0-1"]
[WhiteElo "2165"]
[BlackElo "1959"]
[PlyCount "80"]
[EventDate "2014.??.??"]

1. b3 c5 2. Bb2 Nc6 3. c4 e5 4. e3 g6 5. Nc3 Bg7 6. Nge2 Nge7 7. g3 d5 8. Bg2
dxc4 9. bxc4 Be6 10. d3 f5 11. e4 fxe4 12. Nxe4 O-O 13. O-O b6 14. Qd2 Qd7 15.
Rfd1 Rad8 16. Bc3 h6 17. Rab1 Qc7 18. Qb2 Nc8 19. Qb5 Bg4 20. Qb2 Nd6 21. Re1
Bf3 22. Nd2 Bxg2 23. Kxg2 Qf7 24. Rf1 h5 25. Nc1 h4 26. Ncb3 h3+ 27. Kxh3 Qf5+
28. Kg2 Qxd3 29. Nc1 Qf5 30. Ne2 Qd3 31. Nc1 Qf5 32. Ne2 Ne4 33. Rbd1 Nxf2 34.
Ng1 Nxd1 35. Rxd1 Qf2+ 36. Kh1 Bh6 37. Qb1 Qf5 38. Qb3 Bxd2 39. Rxd2 Rxd2 40.
Bxd2 Qe4+ 0-1

[Event "?"]
[Site "?"]
[Date "????.??.??"]
[Round "?"]
[White "Reinemer, F."]
[Black "Müller, D."]
[Result "1-0"]
[WhiteElo "2203"]
[BlackElo "2087"]
[PlyCount "147"]
[EventDate "2014.??.??"]

1. d4 Nf6 2. c4 g6 3. Nc3 d5 4. cxd5 Nxd5 5. e4 Nxc3 6. bxc3 Bg7 7. Bc4 c5 8.
Ne2 cxd4 9. cxd4 O-O 10. O-O Nc6 11. Be3 e6 12. Rc1 Bd7 13. f3 Qe7 14. Qd2 Rfc8
15. Rfd1 Be8 16. d5 Ne5 17. d6 Nxc4 18. Rxc4 Qd7 19. Rxc8 Rxc8 20. Bxa7 f5 21.
Bf2 e5 22. Rc1 Rxc1+ 23. Nxc1 Bf8 24. Bc5 Qc6 25. Qd5+ Qxd5 26. exd5 Kf7 27.
Nd3 Bg7 28. Be3 Bb5 29. Nc5 Bf8 30. Nxb7 Ke8 31. Bc5 Kd7 32. Bb4 Bh6 33. Kf2
Bc4 34. Na5 Bxd5 35. Nb3 e4 36. fxe4 fxe4 37. Nc5+ Kxd6 38. Nxe4+ Kc6 39. Ng3
Bc4 40. a3 Bd2 41. Ne4 Bxb4 42. axb4 Kb5 43. Nf6 Kxb4 44. Nxh7 Kc5 45. Ke3 Kd6
46. Kf4 Ke7 47. Kg5 Kf7 48. Kh6 Bf1 49. g4 Be2 50. g5 Bd3 51. Nf6 Bf5 52. Nd5
Be4 53. Ne3 Bd3 54. Nd5 Be4 55. Nf4 Bc2 56. h4 Be4 57. Kh7 Bc2 58. Nd5 Be4 59.
Ne3 Bd3 60. Ng4 Ke6 61. Nh6 Ke5 62. Nf7+ Kf5 63. Kh6 Be2 64. Nh8 Bh5 65. Kg7
Kg4 66. Nxg6 Kf5 67. Ne7+ Kg4 68. Ng6 Kf5 69. Ne7+ Kg4 70. Kf6 Kxh4 71. Nf5+
Kg4 72. Ng7 Kh4 73. Nxh5 Kxh5 74. g6 1-0

[Event "?"]
[Site "?"]
[Date "????.??.??"]
[Round "?"]
[White "Mager, D."]
[Black "De Andres Gonalons, F."]
[Result "1-0"]
[WhiteElo "2152"]
[BlackElo "2013"]
[PlyCount "49"]
[EventDate "2014.??.??"]

1. c4 e6 2. d4 d5 3. Nf3 dxc4 4. Qa4+ Nd7 5. Bg5 Be7 6. Bxe7 Qxe7 7. Qxc4 Ngf6
8. Qxc7 O-O 9. e3 Nd5 10. Qc2 N7f6 11. Be2 Bd7 12. O-O Rfc8 13. Qb3 Rc7 14. Nc3
Rac8 15. Nb5 Bxb5 16. Bxb5 Qd6 17. Rfe1 Qb6 18. Ne5 a6 19. Bc4 Qd6 20. a3 b5
21. Be2 Nb6 22. Nd3 Ne4 23. Qb4 Na4 24. f3 Rc4 25. Qxd6 1-0

[Event "?"]
[Site "?"]
[Date "????.??.??"]
[Round "?"]
[White "Gungl, T."]
[Black "Budzyn, M."]
[Result "1/2-1/2"]
[WhiteElo "2054"]
[BlackElo "2145"]
[PlyCount "53"]
[EventDate "2014.??.??"]

1. e4 e5 2. Nf3 Nc6 3. Bb5 a6 4. Bxc6 dxc6 5. O-O Qf6 6. d4 exd4 7. Bg5 Qd6 8.
Nxd4 c5 9. Ne2 Bd7 10. Nbc3 Qxd1 11. Raxd1 Ne7 12. Rd2 f6 13. Bf4 O-O-O 14.
Rfd1 g5 15. Be3 b6 16. e5 Bg7 17. exf6 Bxf6 18. Ne4 Bxb2 19. Bxg5 Bc6 20. Bxe7
Rxd2 21. Nxd2 Re8 22. Bg5 Rxe2 23. Be3 Bc3 24. h3 Ba4 25. Kf1 Bb5 26. Kg1 Ba4
27. Kf1 1/2-1/2